000
00531nam a2200169Ia 4500
008
090123s9999 xx 000 0 und d
082
_b
26746
100
_a
रणसिंग मोहन
245
_a
ट्यांबावरची ठाकरं
250
_a
0
300
_a
116
600
_a
रणसिंग मोहन
630
_a
ट्यांबावरची ठाकरं
700
_a
रणसिंग मोहन
730
_a
ट्यांबावरची ठाकरं
942
_c
BOOK
999
_c
64815
_d
64815